000 00809cam a2200253 a 4500
999 _c8593
_d8593
001 8593
003 BD-JhCC
005 20180920125833.0
008 871202s1984 enk | |||| ||eng|
020 _a0713513942
029 _aR8507
035 _a(BD-JhCC)8593
040 _aBD-JhCC
_dBD-JhCC
041 _aeng
082 _bMIL 1984
_a428.24
100 1 _aMillington-Ward, John.
245 1 0 _aO Level English practice :
_bcomprehension and language practice, communication in writing, English usage, essential grammar practice /
_cJohn Millington Ward.
260 _aLondon :
_bBell & Hyman,
_c1984.
300 _a186p ;
_c23cm.
650 _aEnglish language--Study and teaching--Foreign speakers
650 _aEnglish language--Study and teaching (Secondary)
942 _2ddc
_cBK